[Event "Titled Tuesday intern op 24th May Early"]
[Site "Chess.com INT"]
[Date "2022.05.24"]
[Round "11"]
[White "Lutz, Igor Oscar"]
[Black "Sankalan, Shah"]
[Result "0-1"]
[WhiteElo "2022"]
[BlackElo "2218"]
[PlyCount "92"]
[EventDate "2022.05.24"]
[EventType "swiss (blitz)"]
[EventRounds "11"]
[EventCountry "USA"]
[SourceTitle "EXT 2023"]
[Source "ChessBase"]
[SourceDate "2022.10.05"]
[SourceVersion "1"]
[SourceVersionDate "2022.10.05"]
[SourceQuality "1"]

1. d4 Nf6 2. c4 g6 3. Nc3 Bg7 4. e4 d6 5. Nf3 0-0 6. Be2 e5 7. Be3 Nc6 8. d5 Ne7 9. Nd2 Ne8 10. b4 f5 11. f3 f4 12. Bf2 Nf6 13. c5 g5 14. Nc4 Ng6 15. cxd6 cxd6 16. Nb5 Ne8 17. Bxa7 g4 18. Bf2 h5 19. Nb6 Rb8 20. Rc1 g3 21. hxg3 fxg3 22. Be3 Nf4 23. Bf1 Bh3 24. gxh3 g2 25. Rg1 gxf1Q+ 26. Kxf1 Nxh3 27. Rg3 Qh4 28. Kg2 Nf4+ 29. Bxf4 exf4 30. Rh3 Qg5+ 31. Kh2 Qf6 32. Rc2 Rf7 33. Rg2 Kf8 34. Rxh5 Nc7 35. Qd3 Nxb5 36. Qxb5 Rd8 37. Rf5 Qe7 38. Rfg5 Qf6 39. Nc4 Rc7 40. a4 Rdc8 41. Rg6 Qh4+ 42. Kg1 Bd4+ 43. Kf1 Qh1+ 44. Rg1 Bxg1 45. Rxg1 Qxf3+ 46. Ke1 Rxc4 0-1

[Event "Titled Tuesday intern op 24th May Early"]
[Site "Chess.com INT"]
[Date "2022.05.24"]
[Round "5"]
[White "Sankalan, Shah"]
[Black "Li, Hui"]
[Result "1-0"]
[WhiteElo "2218"]
[BlackElo "1971"]
[PlyCount "57"]
[EventDate "2022.05.24"]
[EventType "swiss (blitz)"]
[EventRounds "11"]
[EventCountry "USA"]
[SourceTitle "EXT 2023"]
[Source "ChessBase"]
[SourceDate "2022.10.05"]
[SourceVersion "1"]
[SourceVersionDate "2022.10.05"]
[SourceQuality "1"]

1. d4 Nf6 2. c4 e6 3. Nc3 d5 4. Nf3 Be7 5. Bf4 0-0 6. e3 c5 7. dxc5 Bxc5 8. Qc2 Nc6 9. a3 Qa5 10. Rd1 Be7 11. cxd5 Nxd5 12. Bd3 g6 13. Bh6 Rd8 14. b4 Ncxb4 15. axb4 Bxb4 16. 0-0 Bxc3 17. Bc4 Bg7 18. Bxg7 Kxg7 19. e4 Ne7 20. Qb2+ f6 21. Rxd8 Qxd8 22. Ng5 b5 23. Bxe6 Nc6 24. Qxb5 fxg5 25. Qxc6 Bxe6 26. Qxe6 Rc8 27. Ra1 Qe8 28. Rxa7+ Kh8 29. Qf6+ 1-0

[Event "Titled Tuesday intern op 24th May Early"]
[Site "Chess.com INT"]
[Date "2022.05.24"]
[Round "10"]
[White "Sankalan, Shah"]
[Black "Provaznik, Michal"]
[Result "1-0"]
[WhiteElo "2218"]
[BlackElo "2085"]
[PlyCount "33"]
[EventDate "2022.05.24"]
[EventType "swiss (blitz)"]
[EventRounds "11"]
[EventCountry "USA"]
[SourceTitle "EXT 2023"]
[Source "ChessBase"]
[SourceDate "2022.10.05"]
[SourceVersion "1"]
[SourceVersionDate "2022.10.05"]
[SourceQuality "1"]

1. d4 f5 2. c4 Nf6 3. g3 e6 4. Bg2 Be7 5. Nf3 0-0 6. 0-0 Qe8 7. Nc3 Qh5 8. Re1 Nc6 9. e4 fxe4 10. Nxe4 Nxe4 11. Rxe4 d6 12. Bf4 e5 13. dxe5 Bg4 14. h3 Be6 15. exd6 Bxd6 16. Bxd6 cxd6 17. Rxe6 1-0

[Event "Titled Tuesday intern op 24th May Early"]
[Site "Chess.com INT"]
[Date "2022.05.24"]
[Round "7"]
[White "Sankalan, Shah"]
[Black "Vittorino, Carlo Giovanni"]
[Result "0-1"]
[WhiteElo "2218"]
[BlackElo "2226"]
[PlyCount "66"]
[EventDate "2022.05.24"]
[EventType "swiss (blitz)"]
[EventRounds "11"]
[EventCountry "USA"]
[SourceTitle "EXT 2023"]
[Source "ChessBase"]
[SourceDate "2022.10.05"]
[SourceVersion "1"]
[SourceVersionDate "2022.10.05"]
[SourceQuality "1"]

1. Nf3 c5 2. b3 d5 3. Bb2 f6 4. c4 d4 5. e3 e5 6. exd4 cxd4 7. d3 Nc6 8. g3 Bb4+ 9. Nbd2 a5 10. a3 Be7 11. Bg2 Nh6 12. 0-0 0-0 13. Ne1 Be6 14. Nc2 Qd7 15. Rb1 Rab8 16. b4 axb4 17. axb4 b5 18. c5 Nf7 19. Ra1 Bd5 20. Ra6 Ra8 21. Qa1 Rxa6 22. Qxa6 Bxg2 23. Kxg2 Qd5+ 24. Kg1 Rb8 25. Ra1 f5 26. Qa2 Qxa2 27. Rxa2 Ng5 28. Kg2 Ne6 29. Nb3 e4 30. Ncxd4 Nexd4 31. Nxd4 Nxb4 32. Ra7 Bxc5 33. Ne6 Bxa7 0-1

[Event "Novi Sad TS Mix 244th"]
[Site "Novi Sad"]
[Date "2022.02.24"]
[Round "6"]
[White "Karthikeyan, Pandian"]
[Black "Sankalan, Shah"]
[Result "1-0"]
[WhiteElo "2396"]
[BlackElo "2073"]
[PlyCount "111"]
[EventDate "2022.02.21"]
[EventType "swiss"]
[EventRounds "10"]
[EventCountry "SRB"]
[SourceTitle "CBM 207 Extra"]
[Source "ChessBase"]
[SourceDate "2022.05.31"]
[SourceVersion "1"]
[SourceVersionDate "2022.05.31"]
[SourceQuality "1"]

1. e4 c5 2. Nc3 d6 3. d4 cxd4 4. Qxd4 Nc6 5. Qd2 g6 6. b3 Bg7 7. Bb2 Nf6 8. 0-0-0 Be6 9. f3 Rc8 10. Kb1 a6 11. Nge2 0-0 12. Nf4 Bd7 13. h4 Ne5 14. h5 b5 15. Qf2 b4 16. Ncd5 e6 17. Nb6 Rc6 18. Nxd7 Nfxd7 19. hxg6 hxg6 20. Ne2 Qb6 21. Qxb6 Rxb6 22. c3 a5 23. cxb4 axb4 24. Nd4 Nc5 25. Be2 Rd8 26. Rd2 Kf8 27. Rhd1 Ke7 28. Rc2 Rh8 29. Nb5 Bf6 30. f4 Ned3 31. Bxd3 Bxb2 32. Kxb2 Nxd3+ 33. Rxd3 Rxb5 34. Rc7+ Kf6 35. Rxd6 g5 36. fxg5+ Rxg5 37. Rd2 Rh2 38. Rf2+ Kg6 39. Rcc2 Rg4 40. Rfe2 Kf6 41. a3 bxa3+ 42. Kxa3 Ke5 43. b4 Rxe4 44. Rxe4+ Kxe4 45. b5 Kd3 46. Rf2 e5 47. b6 e4 48. b7 Rh8 49. Rxf7 e3 50. Rd7+ Ke2 51. Kb4 Kf2 52. Rf7+ Kxg2 53. Kc3 Rd8 54. Rd7 e2 55. Rxd8 e1Q+ 56. Rd2+ 1-0

[Event "Novi Sad TS Mix 244th"]
[Site "Novi Sad"]
[Date "2022.02.24"]
[Round "5"]
[White "Sankalan, Shah"]
[Black "Gusev, Mikhail"]
[Result "1/2-1/2"]
[WhiteElo "2073"]
[BlackElo "1937"]
[PlyCount "72"]
[EventDate "2022.02.21"]
[EventType "swiss"]
[EventRounds "10"]
[EventCountry "SRB"]
[SourceTitle "CBM 207 Extra"]
[Source "ChessBase"]
[SourceDate "2022.05.31"]
[SourceVersion "1"]
[SourceVersionDate "2022.05.31"]
[SourceQuality "1"]

1. Nf3 Nf6 2. c4 b6 3. g3 Bb7 4. Bg2 c5 5. 0-0 g6 6. b3 Bg7 7. Bb2 0-0 8. d4 cxd4 9. Qxd4 Nc6 10. Qd2 d5 11. cxd5 Qxd5 12. Rd1 Qxd2 13. Nbxd2 Rfd8 14. Rac1 Rac8 15. Nc4 Ne4 16. Bxg7 Kxg7 17. Nfd2 Nxd2 18. Rxd2 Rxd2 19. Nxd2 Nd4 20. Rxc8 Bxc8 21. Bf1 Ba6 22. e3 Bxf1 23. exd4 Ba6 24. f3 Kf6 25. Kf2 Ke6 26. Ke3 f6 27. Ne4 Kd5 28. Nc3+ Kd6 29. b4 Bc4 30. a4 a6 31. h4 Bd5 32. g4 Bc6 33. f4 Bd7 34. g5 Bc6 35. b5 axb5 36. axb5 Bg2 1/2-1/2

[Event "Novi Sad TS Mix 244th"]
[Site "Novi Sad"]
[Date "2022.02.22"]
[Round "2"]
[White "Mrdja, Milan"]
[Black "Sankalan, Shah"]
[Result "1-0"]
[WhiteElo "2241"]
[BlackElo "2073"]
[PlyCount "54"]
[EventDate "2022.02.21"]
[EventType "swiss"]
[EventRounds "10"]
[EventCountry "SRB"]
[SourceTitle "CBM 207 Extra"]
[Source "ChessBase"]
[SourceDate "2022.05.31"]
[SourceVersion "1"]
[SourceVersionDate "2022.05.31"]
[SourceQuality "1"]

1. e4 c5 2. Nf3 d6 3. d4 cxd4 4. Nxd4 Nf6 5. Nc3 Nc6 6. Bg5 e6 7. Qd2 a6 8. 0-0-0 Bd7 9. f4 Be7 10. Nf3 b5 11. e5 b4 12. exf6 bxc3 13. Qxc3 gxf6 14. Bh4 d5 15. Nd4 Nb4 16. Kb1 Rc8 17. Qd2 Qb6 18. c3 Nc6 19. Nxc6 Bxc6 20. Bd3 h5 21. Rhg1 Rg8 22. g3 Rb8 23. Ka1 Ba4 24. Rc1 Qa5 25. Bb1 Rb7 26. Qd4 Rg6 27. Bxg6 fxg6 1-0